| 000 | 00374nam a2200145Ia 4500 | ||
|---|---|---|---|
| 008 | 230917s9999||||xx |||||||||||||| ||und|| | ||
| 040 |
_e131712 _aMAIN |
||
| 041 | _aEnglish | ||
| 082 | _a519.5 G192S | ||
| 100 | _aGarrett, Henery E | ||
| 245 | 0 | _aStatistics in Psychology and education | |
| 260 |
_aBombay _bVakils, Feffer & Simons _c1966 |
||
| 300 | _a491 p. | ||
| 942 | _cBK | ||
| 999 |
_c46836 _d46836 |
||